000 00431nam a22001337a 4500
008 230606b xxu||||| |||| 00| 0 eng d
020 _a9966715606
082 _a346.15
_bMCK
100 _cMedia Council of Kenya
245 _aCoverage of Corruption, Sex Crimes and Gender:
_bA Content Analysis of Selected of Selected Media Channels in Kenya/
260 _aNairobi
_bAlmond Print Limited
_c2006
300 _a45 pages
942 _2ddc
_cBK
999 _c593
_d593